000 00370nam a2200121Ia 4500
008 240731s9999 xx 000 0 und d
022 _a1941-5990
245 4 _aThe London, Edinburgh, and Dublin Philosophical Magazine and Journal of Science : Series 5
260 _bTaylor & Francis
856 _uhttps://www.tandfonline.com/loi/tphm16
942 _2ddc
942 _cTFEJ
999 _c80033
_d80033
945 _a1
_bMadushi Gamage
_c1
_dMadushi Gamage